XI de cada seleccion del Mundial 2010 - Estadísticas

Estadísticas generales
  • Esta prueba ha sido intentada 127 veces
  • La puntuación promedio es 70 de 352
Estadísticas de respuestas
N°. Sudafrica % Correcto
1 Iker Casillas
87%
10 Lionel Messi
86%
3 Andres Iniesta
84%
7 David Villa
84%
3 Gerard Pique
84%
15 Sergio Ramos
84%
8 Xavi
84%
5 Carles Puyol
81%
9 Luis Suarez
81%
10 Diego Forlan
78%
14 Xabi Alonso
78%
22 Cha Du-ri
75%
7 Cristiano Ronaldo
75%
9 Gonzalo Higuain
75%
16 Sergio Busquets
75%
11 Arjen Robben
72%
11 Joan Capdevila
72%
1 Fernando Muslera
71%
1 Hugo Lloris
70%
18 Pedro
70%
7 Angel Di Maria
67%
7 Edinson Cavani
67%
14 Javier Mascherano
67%
9 Samuel Eto'o
66%
22 Sergio Romero
66%
10 Wayne Rooney
66%
8 Frank Lampard
65%
11 Didier Drogba
64%
9 Robin van Persie
64%
3 Diego Godin
63%
14 Javier Hernandez
63%
13 Thomas Muller
63%
10 Kaka
61%
4 Steven Gerrard
61%
1 Julio Cesar
60%
4 Rafael Marquez
59%
7 Alexis Sanchez
58%
8 Arturo Vidal
57%
15 Pepe
55%
7 Simone Pepe
55%
8 Mesut Ozil
54%
10 Wesley Sneijder
54%
20 Jerome Boateng
53%
23 Kevin-Prince Boateng
53%
15 Nicolas Otamendi
53%
7 Franck Ribery
52%
10 Hong Yong-jo
52%
8 Nigel de Jong
52%
8 Siphiwe Tshabalala
52%
18 Andres Guardado
51%
11 Carlos Tevez
51%
1 Claudio Bravo
51%
6 Sami Khedira
51%
10 Landon Donovan
49%
13 Dani Alves
47%
18 Keisuke Honda
47%
2 Martin Demichelis
47%
4 Tim Cahill
47%
19 Yaya Toure
47%
11 Robinho
46%
2 Bruno Alves
45%
2 Diego Lugano
45%
4 Giorgio Chiellini
45%
22 Martin Caceres
45%
1 Tim Howard
45%
15 Victor Caceres
45%
3 Ashley Cole
43%
8 Clint Dempsey
43%
6 Gabriel Heinze
43%
4 Kolo Toure
43%
3 Lucio
43%
2 Maicon
43%
20 Maxi Rodriguez
43%
8 Gilberto Silva
42%
1 Maarten Stekelenburg
42%
6 Mark van Bommel
42%
14 Paulo da Silva
41%
3 John Heitinga
40%
6 John Terry
40%
17 Marek Hamsik
40%
7 Bastian Schweinsteiger
39%
7 Dirk Kuyt
39%
5 Fabio Cannavaro
39%
2 Francisco Rodriguez
39%
6 Ricardo Carvalho
39%
9 Luis Fabiano
37%
7 Oscar Cardozo
36%
5 Giovanni van Bronckhorst
35%
16 Maxi Pereira
35%
3 Asamoah Gyan
31%
6 Daniele De Rossi
31%
9 Humberto Suazo
31%
9 Jong Tae-se
31%
1 Justo Villar
31%
11 David Suazo
30%
15 Diego Perez
30%
23 Fabio Coentrao
30%
1 Oscar Perez
30%
17 Egidio Arevalo Rios
29%
4 Mauricio Isla
29%
17 Giovani dos Santos
28%
7 Park Ji-sung
28%
10 Gervinho
25%
4 Juan
25%
17 Per Mertesacker
25%
2 Bacary Sagna
24%
1 Diego Benaglio
24%
19 Jermain Defoe
24%
19 Sokratis Papastathopoulos
24%
16 Gelson Fernandes
23%
2 Gregory van der Wiel
23%
21 Kwadwo Asamoah
23%
11 Mark Gonzalez
23%
19 Gianluca Zambrotta
22%
18 Nelson Haedo Valdez
22%
1 Eduardo
20%
2 Glen Johnson
20%
4 Joris Mathijsen
20%
5 Nemanja Vidic
20%
21 Ricardo Costa
20%
1 Samir Handanovic
20%
5 Bostjan Cesar
19%
5 Felipe Melo
19%
8 Gennaro Gattuso
19%
7 Georgios Samaras
19%
15 Jean Beausejour
19%
4 Nicolas Burdisso
19%
10 Antonio Di Natale
18%
8 Kim Jung-woo
18%
5 Yuto Nagatomo
18%
18 Alou Diarra
17%
11 Andre-Pierre Gignac
17%
2 Christian Poulsen
17%
15 Simon Poulsen
17%
11 Sulley Muntari
17%
19 Tiago
17%
8 Yoann Gourcuff
17%
2 Dario Veron
16%
10 Dejan Stankovic
16%
4 Jorge Fucile
16%
16 Raul Meireles
16%
10 Steven Pienaar
16%
5 William Gallas
16%
1 Boubacar Barry
14%
1 David James
14%
14 Gareth Barry
14%
18 Gonzalo Jara
14%
11 Simao
14%
3 Arne Friedrich
13%
22 Gael Clichy
13%
22 Hans-Jorg Butt
13%
18 Hugo Almeida
13%
16 James Milner
13%
4 Michael Bradley
13%
1 Vincent Enyeama
13%
10 Giorgos Karagounis
12%
17 Jozy Altidore
12%
19 Cacau
11%
9 Jon Dahl Tomasson
11%
10 Park Chu-young
11%
3 Carlos Bocanegra
10%
18 Kader Keita
10%
15 Nikola Zigic
10%
2 Stephan Lichtsteiner
10%
7 Yasuhito Endo
10%
6 Branislav Ivanovic
8%
9 Djibril Cisse
8%
17 Edgar Alvarez
8%
21 Emmanuel Eboue
8%
12 Federico Marchetti
8%
8 Gokhan Inler
8%
13 Kim Jae-sung
8%
6 Michel Bastos
8%
11 Nicklas Bendtner
8%
18 Noel Valladares
8%
3 Ri Jun-il
8%
2 Benoit Assou-Ekotto
7%
21 Eiji Kawashima
7%
5 John Mensah
7%
16 Ki Sung-yong
7%
17 Lee Chung-yong
7%
3 Martin Skrtel
7%
22 Riccardo Montolivo
7%
9 Vincenzo Iaquinta
7%
3 Carlos Salcido
6%
8 Edgar Barreto
6%
19 Eren Derdiyok
6%
6 Gerardo Torrado
6%
13 Pak Chol-jin
6%
19 Abou Diaby
5%
4 Daniel Agger
5%
6 Hendry Thomas
5%
10 Jerry Palacios
5%
12 Lee Young-pyo
5%
17 Makoto Hasebe
5%
23 Mark Bresciano
5%
1 Mark Paston
5%
4 Nwankwo Kanu
5%
5 Ricardo Osorio
5%
22 Richard Kingson
5%
19 Stephane Mbia
5%
19 Tommy Smith
5%
7 Tranquillo Barnetta
5%
8 Wilson Palacios
5%
21 Antolin Alcaraz
4%
17 Bernard Parker
4%
3 Claudio Morel
4%
5 Didier Zokora
4%
16 Efrain Juarez
4%
18 Jung Sung-ryong
4%
12 Kalu Uche
4%
1 Mark Schwarzer
4%
15 Matthew Upson
4%
3 Maynor Figueroa
4%
8 Mehdi Lacen
4%
2 Osman Chavez
4%
11 Robert Vittek
4%
17 Sebastien Squillaci
4%
6 Steve Cherundolo
4%
1 Thomas Sorensen
4%
10 Valter Birsa
4%
15 Vasilis Torosidis
4%
7 Vladimir Weiss
4%
8 Yakubu
4%
21 Adolfo Bautista
2%
12 Alexandros Tzorvas
2%
4 Antar Yahia
2%
6 Anthony Annan
2%
3 Arthur Boka
2%
10 Blaise Nkufo
2%
6 Carlos Carmona
2%
16 Carl Valeri
2%
4 Cho Yong-hyung
2%
16 Cristian Riveros
2%
19 Dennis Rommedahl
2%
13 Eric Choupo-Moting
2%
2 Hans Sarpei
2%
2 Ismael Fuentes
2%
15 Jay DeMerit
2%
8 Ji Yun-nam
2%
4 John Paintsil
2%
12 Jonathan Bornstein
2%
11 Jonathan Santana
2%
15 Karim Ziani
2%
9 Katlego Mphela
2%
14 Lee Yung-soo
2%
2 Lucas Neill
2%
2 Madjid Bougherra
2%
2 Marcell Jansen
2%
4 Marcus Tulio Tanaka
2%
10 Martin Jorgensen
2%
14 Milan Jovanovic
2%
17 Milos Krasic
2%
3 Nadir Belhadj
2%
5 Pablo Contreras
2%
5 Rafik Halliche
2%
23 Rais M'Bolhi
2%
7 Ramon Nuñez
2%
13 Ricardo Clark
2%
20 Robbie Findley
2%
13 Romaric
2%
14 Rory Fallon
2%
7 Samuel Inkoom
2%
1 Vladimir Stojkovic
2%
4 Winston Reid
2%
4 Aaron Mokoena
1%
13 Aleksandar Lukovic
1%
18 Aleksandar Radosavljevic
1%
6 Alexandros Tziolis
1%
17 Andraz Kirm
1%
5 Anele Ngcongca
1%
17 An Yong-hak
1%
13 Ayila Yussuf
1%
6 Benjamin Huggel
1%
13 Bojan Jokic
1%
20 Bongani Khumalo
1%
7 Brett Emerton
1%
9 Cheick Tiote
1%
17 Chidi Odiah
1%
19 Chinedu Obasi
1%
10 Chris Killen
1%
8 Daisuke Matsui
1%
6 Danny Shittu
1%
21 David Carney
1%
4 Dennis Aogo
1%
20 Dickson Etuhu
1%
3 Domenico Criscito
1%
21 Foued Kadir
1%
8 Geremi
1%
19 Hassan Yebda
1%
15 Isaac Vorsah
1%
16 Ivan Obradovic
1%
5 Ivan Vicelich
1%
5 Jason Culina
1%
2 Joseph Yobo
1%
9 Joshua Kennedy
1%
19 Juraj Kucka
1%
13 Karim Matmour
1%
21 Kostas Katsouranis
1%
6 Lars Jacobsen
1%
11 Leo Bertos
1%
11 Loukas Vyntra
1%
6 MacBeth Sibaya
1%
4 Marko Suler
1%
16 Mauricio Sabillon
1%
6 Michael Beauchamp
1%
11 Milivoje Novakovic
1%
18 Milos Ninkovic
1%
15 Miroslav Stoch
1%
2 Miso Brecko
1%
1 Moeneeb Josephs
1%
4 Pak Nam-chol
1%
13 Per Kroldrup
1%
2 Peter Pekarik
1%
5 Rabiu Afolabi
1%
11 Rafik Djebbour
1%
17 Reto Ziegler
1%
5 Ri Kwang-chon
1%
8 Robert Koren
1%
6 Ryan Nelsen
1%
9 Shane Smeltz
1%
7 Simon Elliott
1%
16 Sotirios Kyrgiakos
1%
13 Stephane Grichting
1%
5 Steve von Bergen
1%
23 Thanduyise Khuboni
1%
12 Thomas Kahlenberg
1%
3 Tony Lochhead
1%
3 Tsepo Masilela
1%
5 Vangelis Moras
1%
5 Victor Bernardez
1%
16 Yoshito Okubo
1%
3 Yuichi Komano
1%
22 Yuji Nakazawa
1%
2 Yuki Abe
1%
22 Zdravko Kuzmanovic
1%
9 Zlatan Ljubijankic
1%
14 Aurelien Chedjou
0%
8 Avraam Papadapoulos
0%
2 Cha Jong-hyok
0%
18 Erik Jendrisek
0%
12 Gaetan Bong
0%
16 Jan Durica
0%
1 Jan Mucha
0%
11 Jean Makoun
0%
7 Landry N'Guemo
0%
8 Luke Wilshire
0%
11 Mun In-guk
0%
3 Nicolas N'Koulou
0%
5 Radoslav Zabavnik
0%
1 Ri Myong-guk
0%
16 Souleymanou Hamidou
0%
No se encontraron pruebas coincidentes
Distribución de puntuación
Porcentaje de gente con cada puntuación
Porcentaje por número respondido
Historial de tus puntuaciones
No has intentado esta prueba.